| 000 | 01361nmc a2200457 a 4500 | ||
|---|---|---|---|
| 003 | AR-BaBNM | ||
| 005 | 20251128203753.0 | ||
| 008 | 011101s1992 ||||||||||||||000 | spa|| | ||
| 020 | _a950-582-269-X | ||
| 040 | _cAR-BaBNM | ||
| 100 | 1 | _aMedaura, Julia Olga | |
| 245 | 1 | 0 |
_aTécnicas grupales y aprendizaje afectivo _bhacia un cambio de actitudes |
| 250 | _a3ª ed. | ||
| 260 |
_aBuenos Aires _bHumanitas _c1992 |
||
| 300 | 0 |
_a128 p. _bil. |
|
| 490 | 0 | _aGuidance | |
| 500 | 0 | _aCorrección por Ana María Souza | |
| 500 | 0 | _aCoordinación y producción por Osvaldo Dubini | |
| 500 | 0 | _aContiene referencias bibliográficas | |
| 650 | 4 | _aDINAMICA DE GRUPO | |
| 650 | 4 | _aMETODOS DE ENSENANZA | |
| 650 | 4 | _aGRUPOS DE TRABAJO | |
| 650 | 4 | _aTECNICAS DE ENSENANZA | |
| 650 | 4 | _aTECNICAS DIDACTICAS | |
| 650 | 4 | _aCONDUCTA DEL GRUPO | |
| 650 | 4 | _aDESARROLLO AFECTIVO | |
| 650 | 4 | _aDISCIPLINA | |
| 650 | 4 | _aGRUPOS DE DISCUSION | |
| 650 | 4 | _aCOMUNICACION EN GRUPO | |
| 650 | 4 | _aACTITUD SOCIAL | |
| 650 | 4 | _aFORMACION EN EQUIPO | |
| 650 | 4 | _aFORMACION EN RELACIONES HUMANAS | |
| 650 | 4 | _aPERIODISMO | |
| 650 | 4 | _aDRAMATIZACION | |
| 650 | 4 | _aSOCIALIZACION | |
| 650 | 4 | _aPARTICIPACION DE LOS JOVENES | |
| 700 | 1 | _aMonfarrell de Lafalla, Alicia | |
| 800 | 1 |
_aSierra de Villaverde, Sela _edirector |
|
| 942 | _cBK | ||
| 998 | _cGrace | ||
| 999 |
_c4875 _d4875 |
||